|
|
|
|
| LEADER |
00000nam0a2200000 4500 |
| 001 |
243649 |
| 005 |
20231101232003.0 |
| 035 |
|
|
|a (RuTPU)RU\TPU\book\264999
|
| 090 |
|
|
|a 243649
|
| 100 |
|
|
|a 20131003d1935 k y0rusy50 ca
|
| 101 |
0 |
|
|a rus
|
| 102 |
|
|
|a RU
|
| 105 |
|
|
|a a z 001zy
|
| 200 |
1 |
|
|a Исследование и химическая переработка природных и искусственных нефтяных газов
|e сборник статей
|h Вып. XXX
|f Азербайджанский научно-исследовательский нефтяной институт им. В. В. Куйбышева ; под ред. Л. А. Потоловского
|
| 210 |
|
|
|a Баку
|a Москва
|c Нефтеиздат
|d 1935
|
| 215 |
|
|
|a 256 с.
|c ил.
|
| 320 |
|
|
|a Библиогр. в конце ст.
|
| 606 |
1 |
|
|a Нефтяной газ
|x Перерабока
|2 stltpush
|3 (RuTPU)RU\TPU\subj\33964
|9 56057
|
| 610 |
1 |
|
|a природные газы
|
| 610 |
1 |
|
|a искусственные горючие газы
|
| 610 |
1 |
|
|a нефтяные газы
|
| 610 |
1 |
|
|a пиролиз
|
| 610 |
1 |
|
|a крекинг
|
| 675 |
|
|
|a 665.632
|v 3
|
| 702 |
|
1 |
|a Потоловский
|b Л. А.
|4 340
|
| 712 |
0 |
2 |
|a Азербайджанский научно-исследовательский нефтяной институт им. В. В. Куйбышева
|c ( Баку)
|c (1929-1959)
|2 stltpush
|3 (RuTPU)RU\TPU\col\19010
|9 27302
|
| 801 |
|
1 |
|a RU
|b 63413507
|c 20131003
|
| 801 |
|
2 |
|a RU
|b 63413507
|c 20131009
|g RCR
|
| 942 |
|
|
|c BK
|